000 00521nam a22001817a 4500
008 131009b xxu||||| |||| 00| 0 ger d
020 _a3854284551
041 0 _ager
080 _a124.1
100 1 _aZehetner, Gerhard
_cDr. Ing.
245 1 0 _aAwendungen der Chaostheorie in der Betriebswirtschaftslehre /
_cGerhard Zehetner
260 _aWien :
_bFacultas Verlag
_c2003
300 _a242 f. :
_bme il. ;
_c24 cm.
500 _aVorwort f. : [XIII]
650 0 _aFilozofia
650 0 _aRregullat - Kaosi
942 _2udc
_cBK
999 _c75
_d75